Major U.S. City By Suburb (medium) - Statistics

General Stats
  • This quiz has been taken 129 times
  • The average score is 12 of 15
Answer Stats
Suburbs Metropolitan % Correct
St. Petersburg, Clearwater, Largo Tampa
96%
Pontiac, Dearborn, Sterling Heights Detroit
95%
Vancouver, Gresham, Beaverton Portland
94%
Chula Vista, Carlsbad, Escondido San Diego
93%
Paradise, Henderson, North Las Vegas
90%
Murfreesboro, Franklin, Lebanon Nashville
87%
Camden, Wilmington, Norristown Philadelphia
87%
Norman, Edmond, Moore Oklahoma City
84%
West Valley City, West Jordan, Sandy Salt Lake City
83%
Bloomington, Eden Prairie, Woodbury Minneapolis/Saint Paul
76%
Nampa, Eagle, Meridian Boise
75%
Round Rock, San Marcos, Cedar Park Austin
73%
Metairie, Slidell, Kenner New Orleans
71%
Parma, Willoughby, Elyria Cleveland
68%
Towson, Ellicott City, Owings Mills Baltimore
67%
No matching quizzes found
Score Distribution
Percent of People with Each Score
Percentile by Number Answered
Your Score History
You have not taken this quiz